NFL Multiple Choice Trivia - Statistics

General Stats
  • This quiz has been taken 383 times
  • The average score is 9 of 10
Answer Stats
Question Answer % Correct
What does NFL stand for? National Football League
99%
Who is the commissioner of the NFL? Roger Goodell
99%
How many teams are in the NFL? 32
98%
Who was the packers starting QB before Aaron Rodgers? Brett Favre
96%
True or False: The Pro Bowl is after the Super Bowl False
95%
True or False: Eli and Peyton Manning are brothers True
95%
What quarterback started in the Super Bowl the eagles won? Nick Foles
91%
Where is the Hall of Fame Game Canton, Ohio
85%
Who is the only team to ever go 16-0 in the regular season? Patriots
70%
Who made the playoffs with a 7-9 record in 2010? Seahawks
55%
No matching quizzes found
Score Distribution
Percent of People with Each Score
Percentile by Number Answered
Your Score History
You have not taken this quiz